| 000 | 00611nam a22002057a 4500 | ||
|---|---|---|---|
| 942 | _cBK | ||
| 999 |
_c570 _d570 |
||
| 005 | 20250420134816.0 | ||
| 008 | 200809b ||||| |||| 00| 0 eng d | ||
| 020 | _a9780071244589 | ||
| 040 | _cKCST | ||
| 082 |
_a621.382 _bKa Pr |
||
| 245 |
_aPrinciples of electronic materials and devices / _cKasap, Safa |
||
| 250 |
_a3rd edition _bInt. edition |
||
| 260 |
_aBoston : _bMcGraw-Hill Education, _c2006. |
||
| 300 | _ap. | ||
| 650 |
_aElectric apparatus and appliances. _94952 |
||
| 650 |
_aElectrical engineering _vMaterials. _94953 |
||
| 650 |
_aElectrical engineering. _9595 |
||
| 942 | _2ddc | ||